000 00320nam a22001337a 4500
008 170313b xxu||||| |||| 00| 0 eng d
020 _a785342703399
041 _aeng
080 _22ND
_a591
100 _a7
101 _aSHM
245 _aSTOP STEALING SHIPS & FIND OUT HOW TYPE WORKS
_cSPIEKERMANN, E
942 _2udc
_cBK
999 _c7670
_d7670